<?xml version="1.0" encoding="UTF-8"?>
<resp>
  <nextPage>https://data.bn.org.pl/api/networks/bibs.marcxml?marc=001+b0000005810449&amp;sinceId=5810450</nextPage>
  <collection>
    <record xmlns='http://www.loc.gov/MARC21/slim'><leader>02473nas a2200649 i 4500</leader><controlfield tag='001'>b0000005810449</controlfield><controlfield tag='005'>20241203215230.3</controlfield><controlfield tag='008'>171117d19181920pl ar p      |0    0pol  </controlfield><controlfield tag='009'>9910200931505606</controlfield><datafield ind1=' ' ind2=' ' tag='035'><subfield code='a'>991019161309705066</subfield></datafield><datafield ind1=' ' ind2=' ' tag='035'><subfield code='a'>(PL-WaBN)b58104495-48omnis_nlop</subfield></datafield><datafield ind1=' ' ind2=' ' tag='035'><subfield code='a'>b58104495</subfield></datafield><datafield ind1=' ' ind2=' ' tag='035'><subfield code='a'>(OCoLC)1036398549</subfield></datafield><datafield ind1=' ' ind2=' ' tag='035'><subfield code='a'>xx001095709</subfield></datafield><datafield ind1=' ' ind2=' ' tag='035'><subfield code='a'>(PL)b0000005810449</subfield></datafield><datafield ind1=' ' ind2=' ' tag='040'><subfield code='a'>WA N</subfield><subfield code='c'>WA N</subfield><subfield code='d'>WA N</subfield></datafield><datafield ind1=' ' ind2=' ' tag='046'><subfield code='k'>1918</subfield><subfield code='l'>1920</subfield></datafield><datafield ind1='0' ind2='0' tag='245'><subfield code='a'>Rocznik Kursów dla Dorosłych :</subfield><subfield code='b'>działalność Kursów dla Dorosłych m. st. Warszawy /</subfield><subfield code='c'>Centralne Biuro Kursów dla Dorosłych.</subfield></datafield><datafield ind1=' ' ind2=' ' tag='260'><subfield code='a'>Warszawa :</subfield><subfield code='b'>Centralne Biuro Kursów dla Dorosłych,</subfield><subfield code='c'>1918-1920.</subfield></datafield><datafield ind1=' ' ind2=' ' tag='300'><subfield code='c'>22 cm.</subfield></datafield><datafield ind1=' ' ind2=' ' tag='310'><subfield code='a'>Rocznik</subfield></datafield><datafield ind1=' ' ind2=' ' tag='336'><subfield code='a'>Tekst</subfield><subfield code='b'>txt</subfield><subfield code='2'>rdacontent</subfield></datafield><datafield ind1=' ' ind2=' ' tag='337'><subfield code='a'>Bez urządzenia pośredniczącego</subfield><subfield code='b'>n</subfield><subfield code='2'>rdamedia</subfield></datafield><datafield ind1=' ' ind2=' ' tag='338'><subfield code='a'>Wolumin</subfield><subfield code='b'>nc</subfield><subfield code='2'>rdacarrier</subfield></datafield><datafield ind1='0' ind2=' ' tag='362'><subfield code='a'>T. 1 (1 wrzes. 1915/1 wrzes.1918)-R. 2 (1920).</subfield></datafield><datafield ind1=' ' ind2=' ' tag='380'><subfield code='a'>Czasopisma</subfield></datafield><datafield ind1='1' ind2=' ' tag='388'><subfield code='a'>1901-2000</subfield></datafield><datafield ind1='1' ind2=' ' tag='388'><subfield code='a'>1914-1918</subfield></datafield><datafield ind1=' ' ind2='7' tag='650'><subfield code='a'>Oświata dorosłych</subfield><subfield code='2'>DBN</subfield></datafield><datafield ind1=' ' ind2='7' tag='655'><subfield code='a'>Czasopismo studenckie</subfield><subfield code='2'>DBN</subfield></datafield><datafield ind1=' ' ind2='7' tag='655'><subfield code='a'>Czasopismo polskie</subfield><subfield code='2'>DBN</subfield></datafield><datafield ind1=' ' ind2=' ' tag='658'><subfield code='a'>Edukacja i pedagogika</subfield></datafield><datafield ind1='2' ind2=' ' tag='710'><subfield code='a'>Instytut Oświaty Dorosłych</subfield></datafield><datafield ind1=' ' ind2=' ' tag='852'><subfield code='8'>221038913010008831</subfield><subfield code='j'>1</subfield><subfield code='h'>028464</subfield><subfield code='b'>5100-BUW</subfield><subfield code='p'>VIRT038755</subfield><subfield code='c'>10000</subfield></datafield><datafield ind1=' ' ind2=' ' tag='852'><subfield code='8'>221038912990008831</subfield><subfield code='j'>1</subfield><subfield code='h'>022280</subfield><subfield code='b'>5100-BUW</subfield><subfield code='p'>VIRT045613</subfield><subfield code='c'>10000</subfield></datafield><datafield ind1=' ' ind2=' ' tag='852'><subfield code='8'>22447983680006926</subfield><subfield code='j'>1</subfield><subfield code='h'>MG0_bg 019108</subfield><subfield code='b'>TORU</subfield><subfield code='p'>300048422729</subfield><subfield code='c'>KSS_bg</subfield></datafield><datafield ind1=' ' ind2=' ' tag='852'><subfield code='8'>22356761870006926</subfield><subfield code='j'>1</subfield><subfield code='h'>MG0_bg 019108</subfield><subfield code='b'>TORU</subfield><subfield code='p'>300048422730</subfield><subfield code='c'>MG0_bg</subfield></datafield><datafield ind1=' ' ind2=' ' tag='852'><subfield code='8'>22527456310005066</subfield><subfield code='j'>1</subfield><subfield code='h'>P.5959 IIegz</subfield><subfield code='b'>BN_PL</subfield><subfield code='p'>888a0917149</subfield><subfield code='c'>bc</subfield><subfield code='z'>wyd. 1918 </subfield></datafield><datafield ind1=' ' ind2=' ' tag='852'><subfield code='8'>22527456300005066</subfield><subfield code='j'>1</subfield><subfield code='h'>P.4977 A</subfield><subfield code='b'>BN_PL</subfield><subfield code='p'>888a0917142</subfield><subfield code='c'>bca</subfield></datafield><datafield ind1=' ' ind2=' ' tag='852'><subfield code='8'>22527456300005066</subfield><subfield code='j'>1</subfield><subfield code='h'>P.4977 A</subfield><subfield code='b'>BN_PL</subfield><subfield code='p'>888a0917137</subfield><subfield code='c'>bca</subfield><subfield code='z'>wyd. 1918</subfield></datafield><datafield ind1=' ' ind2=' ' tag='852'><subfield code='8'>22527456310005066</subfield><subfield code='j'>1</subfield><subfield code='h'>P.5959 IIegz</subfield><subfield code='b'>BN_PL</subfield><subfield code='p'>888a0917152</subfield><subfield code='c'>bc</subfield><subfield code='z'>wyd. 1918 </subfield></datafield><datafield ind1=' ' ind2=' ' tag='852'><subfield code='b'>48OMNIS_MPL</subfield><subfield code='8'>991002437289705069</subfield></datafield><datafield ind1=' ' ind2=' ' tag='852'><subfield code='b'>48OMNIS_UOW</subfield><subfield code='8'>991007072899708831</subfield></datafield><datafield ind1=' ' ind2=' ' tag='852'><subfield code='b'>48OMNIS_UMKWT</subfield><subfield code='8'>991015615069706926</subfield></datafield><datafield ind1=' ' ind2=' ' tag='852'><subfield code='b'>48FAR_UGD</subfield><subfield code='8'>991000446279708343</subfield></datafield><datafield ind1=' ' ind2=' ' tag='852'><subfield code='b'>48OMNIS_PAU</subfield><subfield code='8'>991000114239708834</subfield></datafield><datafield ind1=' ' ind2=' ' tag='852'><subfield code='b'>48OMNIS_NLOP</subfield><subfield code='8'>991019161309705066</subfield></datafield><datafield ind1=' ' ind2=' ' tag='852'><subfield code='b'>48OMNIS_NETWORK</subfield><subfield code='8'>9910200931505606</subfield></datafield></record>
  </collection>
</resp>
